[Event "HUN-chT 9394"]
[Site "Hungary"]
[Date "1994.??.??"]
[Round "?"]
[White "Hever, Miklos"]
[Black "Meszaros, Gy"]
[Result "0-1"]
[WhiteElo "2330"]
[BlackElo "2465"]
[PlyCount "91"]
[EventDate "1993.??.??"]
[EventType "team-tourn"]
[EventRounds "13"]
[EventCountry "HUN"]
[SourceTitle "TD"]
[Source "ChessBase"]
[SourceDate "1994.03.01"]
[SourceVersion "1"]
[SourceVersionDate "1994.03.01"]
[SourceQuality "1"]

1. Nf3 d5 2. c4 e6 3. d4 Nf6 4. g3 c6 5. Bg2 Nbd7 6. Nc3 dxc4 7. Nd2 Nb6 8. e3 e5 9. dxe5 Ng4 10. Nf3 Qxd1+ 11. Nxd1 Nd7 12. e6 fxe6 13. Bd2 Nge5 14. Nxe5 Nxe5 15. Bc3 Nd3+ 16. Ke2 e5 17. Be4 Nc5 18. Bc2 e4 19. f3 Bf5 20. Ke1 Nd3+ 21. Bxd3 cxd3 22. fxe4 Bxe4 23. Rf1 0-0-0 24. Rf4 Bg6 25. Nf2 Bd6 26. Ra4 Bc5 27. Kd2 Rhf8 28. Rf4 Rfe8 29. Re1 Bd6 30. Rd4 Rf8 31. Nh3 Rf3 32. e4 c5 33. Rd5 Bf7 34. Rf5 Rxf5 35. exf5 g6 36. f6 Bxa2 37. Ra1 Bc4 38. Rxa7 Re8 39. Ra8+ Kd7 40. Rxe8 Kxe8 41. Ng5 h6 42. Ne4 Bf8 43. Nf2 b5 44. Nxd3 b4 45. Be5 Kf7 46. Bc7 0-1

[Event "HUN-chT 9394"]
[Site "Hungary"]
[Date "1994.??.??"]
[Round "?"]
[White "Meszaros, Gy"]
[Black "Madl, Ildiko"]
[Result "1/2-1/2"]
[WhiteElo "2465"]
[BlackElo "2420"]
[PlyCount "46"]
[EventDate "1993.??.??"]
[EventType "team-tourn"]
[EventRounds "13"]
[EventCountry "HUN"]
[SourceTitle "TD"]
[Source "ChessBase"]
[SourceDate "1994.03.01"]
[SourceVersion "1"]
[SourceVersionDate "1994.03.01"]
[SourceQuality "1"]

1. d4 Nf6 2. Nc3 d5 3. e4 dxe4 4. f3 exf3 5. Nxf3 g6 6. Bc4 Bg7 7. 0-0 0-0 8. Qe1 b6 9. Qh4 Ba6 10. Bxa6 Nxa6 11. Bh6 Qd7 12. h3 Nh5 13. Bxg7 Kxg7 14. Ne5 Qd6 15. Nb5 Qb4 16. a4 f6 17. Nc6 Qc4 18. Nxe7 Rae8 19. Rae1 Qxa4 20. Nxa7 Nb8 21. Nac8 Nc6 22. Nxc6 Qxc6 23. Ne7 Qd7 1/2-1/2

[Event "HUN-chT 9394"]
[Site "Hungary"]
[Date "1994.??.??"]
[Round "?"]
[White "Meszaros, Gy"]
[Black "Mate, Laszlo"]
[Result "0-1"]
[WhiteElo "2465"]
[BlackElo "2290"]
[PlyCount "86"]
[EventDate "1993.??.??"]
[EventType "team-tourn"]
[EventRounds "13"]
[EventCountry "HUN"]
[SourceTitle "TD"]
[Source "ChessBase"]
[SourceDate "1994.03.01"]
[SourceVersion "1"]
[SourceVersionDate "1994.03.01"]
[SourceQuality "1"]

1. d4 Nf6 2. Nc3 d5 3. e4 Nxe4 4. Nxe4 dxe4 5. Bc4 Bf5 6. c3 e6 7. g4 Bg6 8. Qb3 Qc8 9. f4 exf3 10. Nxf3 Nd7 11. 0-0 Nb6 12. h4 Nxc4 13. Qxc4 Bd6 14. h5 Be4 15. Ng5 Bd5 16. Qe2 0-0 17. c4 h6 18. cxd5 hxg5 19. dxe6 Qxe6 20. Qxe6 fxe6 21. Bxg5 e5 22. Be3 exd4 23. Bxd4 Rae8 24. Rxf8+ Rxf8 25. Rf1 Re8 26. h6 gxh6 27. Rf6 Re4 28. Rg6+ Kf7 29. Rg7+ Ke6 30. Bc3 Kd5 31. Kf2 Re7 32. Rxe7 Bxe7 33. Ke3 Bg5+ 34. Kd3 c5 35. b3 b5 36. Be1 a6 37. a4 bxa4 38. bxa4 Bf6 39. Bg3 c4+ 40. Ke3 Bg5+ 41. Ke2 Ke4 42. Be1 Kf4 43. Kd2 Bf6 0-1